| 000 | 00887cam1a220021700 4500 | ||
|---|---|---|---|
| 001 | qce00953936 | ||
| 005 | 20190813174744.0 | ||
| 008 | 810815s1961 nyua 000 0 eng d | ||
| 035 | _a(Sirsi) r24447 | ||
| 035 | _a(QCAT)lss04949629 | ||
| 035 | _a(UPRA)qce00953936 | ||
| 040 | _dUPRA | ||
| 060 | 0 |
_aWD 700 _bS468h 1961 |
|
| 100 | 1 |
_aSells, S. B. (Saul B.), 1913- _qSells, S. B. (Saul B.), 1913- _dSells, S. B. (Saul B.), 1913- _6A86965.1 |
|
| 245 | 1 | 0 |
_aHuman factors in jet and space travel : _ba medical-psychological analysis / _ced. by S.B. Sells and Charles A. Berry. |
| 260 |
_aNew York : _bRonald, _c[c1961] |
||
| 650 | 2 |
_aAerospace Medicine. _6S62635.1 |
|
| 700 | 1 |
_aBerry, Charles A. (Charles Alden), 1923- _qBerry, Charles A. (Charles Alden), 1923- _dBerry, Charles A. (Charles Alden), 1923- _6A86966.1 |
|
| 949 |
_aRC1062 _wLC _i-24093 _mMEDICAL _tBOOK _lON-SHELF |
||
| 004 | 24447 | ||
| 999 |
_c43799 _d43799 |
||